000 00733nam a2200253 4500
001
003
005 20221020132542.0
008 981125s1998 sp | ||| ||spa
040 _aBPMSU
_bspa
_cBPMSU
_e
082 _a813.4
_bW721t 1967
_222
100 1 _aWilliams, Ben Ames,
_d1889-1935.
_0
240 1 0 _a
_l
245 1 0 _aTiempos de paz :
_bnovela /
_cBen Ames Williams ; traducción Enrique de Juan.
_h
260 _aBarcelona :
_b Editorial Planeta,
_c1967.
300 _a725 p. ;
_c22 cm
490 0 _aómnibus,
_v46
500 _3
534 _aTítulo original.
_tTime of peace.
650 4 _aNovela estadounidense.
700 1 _aJuan, Enrique de,
_etr.
910 _aVMateo V./Validado
942 _2ddc
_cBK
999 _c14313
_d14313